[Event "15. Obert Int. Sant Marti 2013"]
[Site "Barcelona ESP"]
[Date "2013.07.18"]
[Round "6.56"]
[White "Harstad, Christian"]
[Black "Quero Ortega, Juan"]
[Result "0-1"]
[WhiteElo "1942"]
[BlackElo "1809"]
[PlyCount "86"]
[EventDate "2013.07.13"]
[EventType "swiss"]
[EventRounds "9"]
[EventCountry "ESP"]
[SourceTitle "Ajedrez en Madrid"]
[Source "lmi"]
[SourceDate "2013.07.13"]
[SourceVersion "1"]
[SourceVersionDate "2019.06.21"]
[SourceQuality "1"]

1. d4 Nf6 2. c4 g6 3. Nc3 Bg7 4. e4 d6 5. f3 O-O 6. Be3 Nc6 7. Nge2 a6 8. Qd2
e5 9. d5 Ne7 10. g4 b5 11. Ng3 c6 12. h4 cxd5 13. cxd5 h5 14. O-O-O Bd7 15.
gxh5 Nxh5 16. Nxh5 gxh5 17. Bd3 Ng6 18. Rdg1 Qf6 19. Bg5 Qxf3 20. Be2 Qf2 21.
Be3 Qf6 22. Rf1 Nf4 23. Bxh5 Bh6 24. Kb1 Kh7 25. Ne2 Rg8 26. Nxf4 exf4 27. Bxf4
Bxf4 28. Rxf4 Qe5 29. Rxf7+ Rg7 30. Rxg7+ Qxg7 31. Qg5 Rf8 32. Rg1 Qxg5 33.
hxg5 Rf4 34. Re1 Rh4 35. Bf7 Rxe4 36. Rxe4 Bf5 37. Kc1 Bxe4 38. b4 Kg7 39. Be6
Kg6 40. Kd2 Kxg5 41. Ke3 Bf5 42. Kd4 Kf6 43. Bg8 Ke7 0-1

[Event "15. Obert Int. Sant Marti 2013"]
[Site "Barcelona ESP"]
[Date "2013.07.18"]
[Round "6.57"]
[White "Andersen, Guttorm"]
[Black "Severri Arrese, Carlos"]
[Result "0-1"]
[WhiteElo "1772"]
[BlackElo "1905"]
[PlyCount "120"]
[EventDate "2013.07.13"]
[EventType "swiss"]
[EventRounds "9"]
[EventCountry "ESP"]
[SourceTitle "Ajedrez en Madrid"]
[Source "lmi"]
[SourceDate "2013.07.13"]
[SourceVersion "1"]
[SourceVersionDate "2019.06.21"]
[SourceQuality "1"]

1. d4 d6 2. e4 Nf6 3. Nc3 g6 4. f4 Bg7 5. Nf3 O-O 6. Be2 c6 7. O-O d5 8. e5 Ne4
9. Be3 f5 10. exf6 exf6 11. Nxe4 dxe4 12. Nd2 Re8 13. c3 Nd7 14. g4 Nb6 15. Qe1
Nd5 16. Qg3 f5 17. g5 Be6 18. Nc4 b5 19. Ne5 Qc8 20. Rac1 Qa6 21. a3 Nb6 22.
Nxc6 Nc4 23. Nb4 Qb7 24. Rb1 a5 25. Nc2 Rac8 26. Rfc1 Nd6 27. Bd2 Ba2 28. Ra1
Bc4 29. Bd1 Bd3 30. Ne3 Nc4 31. Bb3 Kh8 32. Nxc4 bxc4 33. Ba4 Qxb2 34. Bxe8
Qxd2 35. Bb5 Rb8 36. a4 Bf8 37. Qf2 e3 38. Qxd2 exd2 39. Rd1 Bd6 40. Rxd2 Bxf4
41. Rxd3 cxd3 42. Bxd3 Bxg5 43. Bb5 Rd8 44. Ra2 Kg7 45. Kg2 Kf6 46. Re2 Bf4 47.
Bc6 g5 48. d5 g4 49. Re6+ Kg5 50. Re7 h5 51. h3 Bd6 52. Ra7 f4 53. hxg4 hxg4
54. Rg7+ Kf5 55. Bd7+ Kf6 56. Rxg4 Rxd7 57. Rg8 Rg7+ 58. Rxg7 Kxg7 59. Kf3 Kf6
60. Ke4 Kg5 0-1

[Event "15. Obert Int. Sant Marti 2013"]
[Site "Barcelona ESP"]
[Date "2013.07.18"]
[Round "6.58"]
[White "Lopez Perdomo, Juan David"]
[Black "Julian Barrachina, Lluis"]
[Result "1-0"]
[WhiteElo "2100"]
[BlackElo "2163"]
[PlyCount "65"]
[EventDate "2013.07.13"]
[EventType "swiss"]
[EventRounds "9"]
[EventCountry "ESP"]
[SourceTitle "Ajedrez en Madrid"]
[Source "lmi"]
[SourceDate "2013.07.13"]
[SourceVersion "1"]
[SourceVersionDate "2019.06.21"]
[SourceQuality "1"]

1. e4 e5 2. Nf3 Nc6 3. Bb5 a6 4. Ba4 d6 5. c3 f5 6. d3 Be7 7. Bb3 Na5 8. Nbd2
Nf6 9. Bc2 O-O 10. O-O Nc6 11. Re1 Kh8 12. h3 f4 13. Kh2 Qe8 14. Ng1 g5 15. g4
fxg3+ 16. fxg3 Qg6 17. Ndf3 Qh5 18. Be3 Ng4+ 19. Kg2 Nxe3+ 20. Rxe3 g4 21. Nh2
gxh3+ 22. Kh1 Qg5 23. Qe2 Be6 24. g4 Rf7 25. Nxh3 Qh6 26. Bb3 Bxb3 27. axb3
Raf8 28. Rg1 Bh4 29. g5 Qe6 30. Qh5 Bf2 31. Nxf2 Rxf2 32. g6 Qe7 33. g7+ 1-0

[Event "15. Obert Int. Sant Marti 2013"]
[Site "Barcelona ESP"]
[Date "2013.07.18"]
[Round "6.59"]
[White "Maltsev, Leonid"]
[Black "Zemlicka, Vit"]
[Result "1-0"]
[WhiteElo "1985"]
[BlackElo "2016"]
[PlyCount "93"]
[EventDate "2013.07.13"]
[EventType "swiss"]
[EventRounds "9"]
[EventCountry "ESP"]
[SourceTitle "Ajedrez en Madrid"]
[Source "lmi"]
[SourceDate "2013.07.13"]
[SourceVersion "1"]
[SourceVersionDate "2019.06.21"]
[SourceQuality "1"]

1. e4 e5 2. Nf3 Nc6 3. Bb5 a6 4. Ba4 Nf6 5. d4 exd4 6. O-O Be7 7. Re1 b5 8. Bb3
d6 9. a4 b4 10. Nxd4 Nxd4 11. Qxd4 O-O 12. Nd2 c5 13. Qd3 Qc7 14. Nc4 Rd8 15.
Bg5 Be6 16. Qg3 Nh5 17. Qh4 Bxg5 18. Qxg5 Nf6 19. Qf4 Rac8 20. Rad1 d5 21. Qxc7
Rxc7 22. exd5 Rxd5 23. Ne5 Rxd1 24. Rxd1 Kf8 25. Bxe6 fxe6 26. Rd6 Ke7 27. Rxa6
Nd7 28. f4 Nxe5 29. fxe5 Rd7 30. Rd6 Ra7 31. Rc6 Rxa4 32. Rxc5 b3 33. cxb3 Rb4
34. Kf2 Rxb3 35. Rc2 Kf7 36. Re2 Kg6 37. Ke1 Kf5 38. Kd1 g5 39. Kc2 Rb5 40. Kc3
h5 41. b4 g4 42. Kc4 Rb8 43. b5 Rc8+ 44. Kb4 Rc1 45. b6 Rh1 46. Rb2 Rd1 47. b7
1-0

[Event "15. Obert Int. Sant Marti 2013"]
[Site "Barcelona ESP"]
[Date "2013.07.19"]
[Round "7.1"]
[White "Flores Rios, Mauricio"]
[Black "Agdestein, Simen"]
[Result "0-1"]
[WhiteElo "2492"]
[BlackElo "2567"]
[PlyCount "102"]
[EventDate "2013.07.13"]
[EventType "swiss"]
[EventRounds "9"]
[EventCountry "ESP"]
[SourceTitle "Ajedrez en Madrid"]
[Source "lmi"]
[SourceDate "2013.07.13"]
[SourceVersion "1"]
[SourceVersionDate "2019.06.21"]
[SourceQuality "1"]

1. d4 Nf6 2. c4 e6 3. Nf3 d5 4. g3 dxc4 5. Bg2 Bb4+ 6. Bd2 c5 7. Bxb4 cxb4 8.
Ne5 O-O 9. Nxc4 Nc6 10. e3 e5 11. Nxe5 Nxe5 12. dxe5 Qxd1+ 13. Kxd1 Ng4 14. Ke2
Nxe5 15. Rc1 Bg4+ 16. f3 Bd7 17. a4 Rac8 18. Rxc8 Rxc8 19. Nd2 Rc2 20. b3 Be6
21. Rb1 Nd7 22. Kd1 Rc3 23. Rc1 Nc5 24. Rxc3 bxc3 25. Nc4 Nxb3 26. Bf1 b6 27.
Kc2 Nc5 28. a5 Bxc4 29. Bxc4 bxa5 30. Kxc3 Kf8 31. Kd4 Ne6+ 32. Ke5 Ke7 33. f4
a4 34. e4 a3 35. h4 Nc7 36. Kd4 Nb5+ 37. Kd3 Nd6 38. Ba2 f5 39. exf5 Nxf5 40.
g4 Nxh4 41. g5 h5 42. gxh6 gxh6 43. Kc3 Ng2 44. Kb4 Nxf4 45. Kxa3 h5 46. Kb4
Kd6 47. Bb3 h4 48. Bd1 h3 49. Kc4 h2 50. Bf3 Nh3 51. Kb5 Kc7 0-1

[Event "15. Obert Int. Sant Marti 2013"]
[Site "Barcelona ESP"]
[Date "2013.07.19"]
[Round "7.2"]
[White "Nikolov, Momchil"]
[Black "Firman, Nazar"]
[Result "0-1"]
[WhiteElo "2538"]
[BlackElo "2526"]
[PlyCount "118"]
[EventDate "2013.07.13"]
[EventType "swiss"]
[EventRounds "9"]
[EventCountry "ESP"]
[SourceTitle "Ajedrez en Madrid"]
[Source "lmi"]
[SourceDate "2013.07.13"]
[SourceVersion "1"]
[SourceVersionDate "2019.06.21"]
[SourceQuality "1"]

1. d4 Nf6 2. c4 d6 3. Nc3 e5 4. Nf3 Nbd7 5. e4 g6 6. Be2 Bg7 7. O-O O-O 8. Re1
c6 9. Bf1 h6 10. Rb1 a5 11. a3 Nh7 12. b4 axb4 13. axb4 Ng5 14. Nxg5 exd4 15.
Ne2 hxg5 16. Nxd4 Ne5 17. f3 Re8 18. Be3 g4 19. f4 Nd7 20. Bd3 Nf6 21. Qc2 g3
22. hxg3 Ng4 23. Nf3 Nxe3 24. Rxe3 Bg4 25. Ree1 Ra3 26. Rb3 Qb6+ 27. Kh2 Rxb3
28. Qxb3 Bxf3 29. c5 dxc5 30. gxf3 cxb4 31. Re2 Bc3 32. e5 Kg7 33. e6 Qd4 34.
Bb1 Qf6 35. Ba2 g5 36. Kg2 gxf4 37. Re4 Rxe6 38. Rxf4 Qe7 39. Qa4 Rf6 40. Rg4+
Rg6 41. Rxg6+ Kxg6 42. Qc2+ Kg7 43. Bb1 Qe6 44. Ba2 Qe3 45. Bb3 Qd2+ 46. Qxd2
Bxd2 47. Bc2 Kf6 48. Kf2 Ke5 49. Ke2 Bc1 50. Kd3 b5 51. Bb3 f6 52. Bf7 Kd6 53.
Be8 Kc5 54. Kc2 Be3 55. Kb3 Bf2 56. g4 Bg3 57. Bd7 Bd6 58. Be8 Kb6 59. f4 c5
0-1

[Event "15. Obert Int. Sant Marti 2013"]
[Site "Barcelona ESP"]
[Date "2013.07.19"]
[Round "7.3"]
[White "Kovchan, Alexander"]
[Black "Ortiz Suarez, Isan Reynaldo"]
[Result "1-0"]
[WhiteElo "2577"]
[BlackElo "2612"]
[PlyCount "107"]
[EventDate "2013.07.13"]
[EventType "swiss"]
[EventRounds "9"]
[EventCountry "ESP"]
[SourceTitle "Ajedrez en Madrid"]
[Source "lmi"]
[SourceDate "2013.07.13"]
[SourceVersion "1"]
[SourceVersionDate "2019.06.21"]
[SourceQuality "1"]

1. e4 c5 2. Nf3 d6 3. d4 cxd4 4. Nxd4 Nf6 5. Nc3 a6 6. Be2 e6 7. O-O Qc7 8. f4
Be7 9. Be3 Nbd7 10. Bf3 Nb6 11. Bf2 g6 12. Nde2 e5 13. b3 O-O 14. a4 Be6 15.
Qd3 exf4 16. Nxf4 Nbd7 17. Be2 Ne5 18. Nxe6 Qc8 19. Qg3 fxe6 20. Rad1 Ne8 21.
Qh3 Ng7 22. Bd4 Qc6 23. Bg4 Nxg4 24. Qxg4 Rxf1+ 25. Rxf1 Rf8 26. Rxf8+ Bxf8 27.
Qh3 b5 28. Qd3 b4 29. Ne2 d5 30. exd5 exd5 31. Bxg7 Kxg7 32. Nf4 Bc5+ 33. Kh1
Qf6 34. g3 Bd6 35. Qxa6 Qa1+ 36. Kg2 Bxf4 37. Qa7+ Kf6 38. Qf2 Qc3 39. Qxf4+
Ke6 40. Qf2 d4 41. Qe2+ Kd6 42. Qa6+ Ke5 43. Qd3 Qc6+ 44. Kg1 Qc7 45. Kf2 Kd5
46. Qf3+ Kc5 47. Qe4 Qd6 48. Ke2 Qa6+ 49. Ke1 Qf6 50. Qe2 Kd5 51. Qb5+ Ke4 52.
Qxb4 Kf3 53. Qb7+ Kg4 54. Qe4+ 1-0

[Event "15. Obert Int. Sant Marti 2013"]
[Site "Barcelona ESP"]
[Date "2013.07.19"]
[Round "7.4"]
[White "Grigoryan, Karen H."]
[Black "Munoz Pantoja, Miguel"]
[Result "1-0"]
[WhiteElo "2550"]
[BlackElo "2457"]
[PlyCount "105"]
[EventDate "2013.07.13"]
[EventType "swiss"]
[EventRounds "9"]
[EventCountry "ESP"]
[SourceTitle "Ajedrez en Madrid"]
[Source "lmi"]
[SourceDate "2013.07.13"]
[SourceVersion "1"]
[SourceVersionDate "2019.06.21"]
[SourceQuality "1"]

1. d4 c5 2. d5 Nf6 3. Nc3 d6 4. e4 e5 5. Nf3 Bg4 6. Be2 Bxf3 7. Bxf3 Be7 8. g3
O-O 9. O-O Nbd7 10. a4 Qa5 11. Bd2 a6 12. b3 c4 13. Rb1 cxb3 14. cxb3 Rac8 15.
b4 Qd8 16. a5 Ne8 17. Be2 Bg5 18. Be1 g6 19. Na4 f5 20. b5 Ra8 21. bxa6 bxa6
22. Nb6 Ra7 23. exf5 gxf5 24. f4 exf4 25. gxf4 Bh6 26. Nxd7 Qxd7 27. Kh1 Qe7
28. Bf2 Rd7 29. Rg1+ Ng7 30. Rb4 Qd8 31. Qa1 Qa8 32. Qd4 Rc7 33. Bf3 Qd8 34.
Rb6 Rc2 35. Rxa6 Rxf2 36. Qxf2 Bxf4 37. Ra7 Be5 38. Qg2 Rf7 39. Rxf7 Kxf7 40.
Qa2 Qa8 41. a6 Qa7 42. Rb1 Kf6 43. Qe2 Qd4 44. Qa2 Qe3 45. Rf1 Bd4 46. Qe2 Qc3
47. Be4 Qc8 48. Qd3 Ba7 49. Qc2 Qxa6 50. Bd3 Qa5 51. Bxf5 Ke7 52. Qe4+ Kd8 53.
Qh4+ 1-0

[Event "15. Obert Int. Sant Marti 2013"]
[Site "Barcelona ESP"]
[Date "2013.07.19"]
[Round "7.5"]
[White "Cruz, Cristhian"]
[Black "Lorenzo De La Riva, Lazaro"]
[Result "1-0"]
[WhiteElo "2499"]
[BlackElo "2433"]
[PlyCount "93"]
[EventDate "2013.07.13"]
[EventType "swiss"]
[EventRounds "9"]
[EventCountry "ESP"]
[SourceTitle "Ajedrez en Madrid"]
[Source "lmi"]
[SourceDate "2013.07.13"]
[SourceVersion "1"]
[SourceVersionDate "2019.06.21"]
[SourceQuality "1"]

1. d4 g6 2. c4 Bg7 3. d5 d6 4. Nc3 e5 5. e4 a5 6. Bd3 Nd7 7. Nge2 Nh6 8. Bc2
O-O 9. O-O f5 10. exf5 Nxf5 11. Ne4 Nc5 12. Nxc5 dxc5 13. Nc3 Nd4 14. Bd3 b6
15. Be3 Qh4 16. Qd2 Bd7 17. f3 Rf7 18. Ne4 h6 19. Rae1 Raf8 20. Kh1 Nf5 21. Bf2
Qd8 22. Ng3 h5 23. Bxf5 Bxf5 24. Be3 Qh4 25. b3 a4 26. Ne2 axb3 27. axb3 Qd8
28. Bg5 Qd7 29. Nc3 Ra8 30. Rf2 Ra3 31. Qb2 Ra8 32. Qc1 Re8 33. Rfe2 Bd3 34.
Re3 Bf5 35. f4 e4 36. Nxe4 Ra8 37. Ng3 Ra1 38. Qd2 Rxe1+ 39. Qxe1 Bc2 40. h3 b5
41. Re8+ Kh7 42. Rd8 Qxd8 43. Bxd8 Bxb3 44. Ne4 Rxf4 45. Ng5+ Kh6 46. Ne6 Rf5
47. Qe3+ 1-0

[Event "15. Obert Int. Sant Marti 2013"]
[Site "Barcelona ESP"]
[Date "2013.07.19"]
[Round "7.6"]
[White "Asis Gargatagli, Hipolito"]
[Black "Gallego Alcaraz, Andres Felipe"]
[Result "1-0"]
[WhiteElo "2487"]
[BlackElo "2414"]
[PlyCount "41"]
[EventDate "2013.07.13"]
[EventType "swiss"]
[EventRounds "9"]
[EventCountry "ESP"]
[SourceTitle "Ajedrez en Madrid"]
[Source "lmi"]
[SourceDate "2013.07.13"]
[SourceVersion "1"]
[SourceVersionDate "2019.06.21"]
[SourceQuality "1"]

1. e4 c5 2. Nf3 Nc6 3. Nc3 Nf6 4. Bb5 Nd4 5. e5 Nxb5 6. Nxb5 Ng8 7. d4 a6 8.
Nc3 d5 9. exd6 Qxd6 10. Ne4 Qe6 11. Qe2 cxd4 12. Bf4 Nf6 13. Nfg5 Qg4 14. Nd6+
Kd7 15. Qxg4+ Nxg4 16. Ndxf7 Rg8 17. O-O-O h6 18. Rxd4+ Kc6 19. Nd8+ Kb6 20.
Nge6 Bxe6 21. Nxe6 1-0

[Event "15. Obert Int. Sant Marti 2013"]
[Site "Barcelona ESP"]
[Date "2013.07.19"]
[Round "7.7"]
[White "Sequera Paolini, Jose"]
[Black "Escobar Forero, Alder"]
[Result "1/2-1/2"]
[WhiteElo "2394"]
[BlackElo "2466"]
[PlyCount "101"]
[EventDate "2013.07.13"]
[EventType "swiss"]
[EventRounds "9"]
[EventCountry "ESP"]
[SourceTitle "Ajedrez en Madrid"]
[Source "lmi"]
[SourceDate "2013.07.13"]
[SourceVersion "1"]
[SourceVersionDate "2019.06.21"]
[SourceQuality "1"]

1. e4 c5 2. Nf3 Nc6 3. b3 d6 4. Bb2 e5 5. Bc4 Be7 6. Nc3 Nf6 7. h3 O-O 8. O-O
a6 9. a4 Rb8 10. Re1 Na5 11. Bd5 b5 12. axb5 axb5 13. Qe2 Bd7 14. Nh2 Nc6 15.
Bxc6 Bxc6 16. Ng4 Qd7 17. Nxf6+ Bxf6 18. Qg4 Qxg4 19. hxg4 Ra8 20. Kf1 Bg5 21.
Ke2 g6 22. f3 Kg7 23. Rxa8 Rxa8 24. Ra1 Rxa1 25. Bxa1 Kf6 26. Nd1 d5 27. exd5
Bxd5 28. Nf2 Ke6 29. Nh3 Be7 30. d3 f5 31. gxf5+ gxf5 32. Bc3 h5 33. Bd2 c4 34.
bxc4 bxc4 35. d4 exd4 36. Nf4+ Ke5 37. Ng6+ Kf6 38. Nxe7 Kxe7 39. Bg5+ Ke6 40.
g3 Bc6 41. Bh6 c3 42. f4 Ba4 43. Bg7 Kd5 44. Kd1 d3 45. Bxc3 dxc2+ 46. Kd2 Ke4
47. Bf6 Kf3 48. Bh4 Bb3 49. Kc1 Ke3 50. Bf6 Ba4 51. Bd8 1/2-1/2

[Event "15. Obert Int. Sant Marti 2013"]
[Site "Barcelona ESP"]
[Date "2013.07.19"]
[Round "7.8"]
[White "Dvirnyy, Danyyil"]
[Black "Sanchez Ibern, Marc"]
[Result "1/2-1/2"]
[WhiteElo "2549"]
[BlackElo "2408"]
[PlyCount "42"]
[EventDate "2013.07.13"]
[EventType "swiss"]
[EventRounds "9"]
[EventCountry "ESP"]
[SourceTitle "Ajedrez en Madrid"]
[Source "lmi"]
[SourceDate "2013.07.13"]
[SourceVersion "1"]
[SourceVersionDate "2019.06.21"]
[SourceQuality "1"]

1. Nf3 Nf6 2. g3 g6 3. b3 Bg7 4. Bb2 O-O 5. Bg2 d6 6. d4 e5 7. dxe5 Ng4 8. O-O
Nc6 9. c4 Ngxe5 10. Nc3 Bg4 11. Nxe5 dxe5 12. Bxc6 Qxd1 13. Rfxd1 bxc6 14. f3
Bf5 15. g4 Bc8 16. Ba3 Re8 17. g5 h6 18. h4 f6 19. Ne4 hxg5 20. hxg5 fxg5 21.
Nxg5 e4 1/2-1/2

[Event "15. Obert Int. Sant Marti 2013"]
[Site "Barcelona ESP"]
[Date "2013.07.19"]
[Round "7.9"]
[White "Laxman, R.R.."]
[Black "Hayrapetyan, Hovik"]
[Result "0-1"]
[WhiteElo "2401"]
[BlackElo "2486"]
[PlyCount "96"]
[EventDate "2013.07.13"]
[EventType "swiss"]
[EventRounds "9"]
[EventCountry "ESP"]
[SourceTitle "Ajedrez en Madrid"]
[Source "lmi"]
[SourceDate "2013.07.13"]
[SourceVersion "1"]
[SourceVersionDate "2019.06.21"]
[SourceQuality "1"]

1. d4 d5 2. c4 e6 3. Nf3 Nf6 4. g3 Bb4+ 5. Bd2 Be7 6. Bg2 O-O 7. O-O c6 8. Qc2
Nbd7 9. Bg5 b6 10. Nbd2 Ba6 11. Rfd1 Rc8 12. Rac1 h6 13. Bxf6 Nxf6 14. Ne5 Bb7
15. e4 Ba8 16. c5 bxc5 17. dxc5 a5 18. Qa4 Qc7 19. Nd3 Rb8 20. exd5 cxd5 21.
Nb3 Bd8 22. Qf4 Qxf4 23. gxf4 Bc7 24. Nd4 Nh5 25. Ne2 g5 26. fxg5 hxg5 27. Nd4
Nf4 28. Nxf4 Bxf4 29. Rc2 Kg7 30. Bf1 Kf6 31. Ba6 Ke7 32. Rd3 e5 33. Nb5 d4 34.
Ra3 Bd5 35. Nd6 Rh8 36. Bc4 Bxh2+ 37. Kf1 Bxc4+ 38. Nxc4 e4 39. Nxa5 Rbc8 40.
Nb7 Bf4 41. Rc4 Rh1+ 42. Ke2 d3+ 43. Rxd3 exd3+ 44. Kxd3 Rd1+ 45. Ke4 Rd7 46.
Na5 Ke6 47. b4 Rh8 48. Nb3 Rh3 0-1

[Event "15. Obert Int. Sant Marti 2013"]
[Site "Barcelona ESP"]
[Date "2013.07.19"]
[Round "7.10"]
[White "Cuartas, Jaime Alexander"]
[Black "Arvola, Benjamin"]
[Result "1/2-1/2"]
[WhiteElo "2484"]
[BlackElo "2347"]
[PlyCount "111"]
[EventDate "2013.07.13"]
[EventType "swiss"]
[EventRounds "9"]
[EventCountry "ESP"]
[SourceTitle "Ajedrez en Madrid"]
[Source "lmi"]
[SourceDate "2013.07.13"]
[SourceVersion "1"]
[SourceVersionDate "2019.06.21"]
[SourceQuality "1"]

1. e4 c5 2. Nf3 d6 3. d4 Nf6 4. Nc3 cxd4 5. Nxd4 a6 6. Bc4 e6 7. Bb3 Nbd7 8.
O-O Nc5 9. Re1 b5 10. Bd5 Bb7 11. Bxb7 Nxb7 12. Bg5 h6 13. Bh4 Rc8 14. Nd5 g5
15. Nxf6+ Qxf6 16. Bg3 Rc5 17. b4 Rc4 18. e5 Qg7 19. a4 d5 20. axb5 axb5 21.
Ra8+ Nd8 22. c3 Be7 23. Nxb5 O-O 24. Qd3 h5 25. Na3 Re4 26. Rxe4 dxe4 27. Qd7
f5 28. exf6 Qxf6 29. Qd2 Bxb4 30. h4 Nf7 31. Rxf8+ Bxf8 32. hxg5 Qxg5 33. Qxg5+
Nxg5 34. Nc2 Kf7 35. Kf1 Kf6 36. Bh4 Bc5 37. Nb4 Kf5 38. Na6 Ba7 39. Bxg5 Kxg5
40. c4 Kf4 41. c5 Ke5 42. Ke2 Kd5 43. Nc7+ Kxc5 44. Nxe6+ Kd6 45. Nf4 h4 46.
Ng6 Ke6 47. Nxh4 Kf6 48. g3 Kg5 49. Ng2 Kg4 50. Ne3+ Kh3 51. Nf5 Kg4 52. Ne3+
Kh3 53. Nd5 Bb8 54. Nf6 Bxg3 55. fxg3 Kxg3 56. Nxe4+ 1/2-1/2

[Event "15. Obert Int. Sant Marti 2013"]
[Site "Barcelona ESP"]
[Date "2013.07.19"]
[Round "7.11"]
[White "Satyapragyan, Swayangsu"]
[Black "Vehi Bach, Victor Manuel"]
[Result "1-0"]
[WhiteElo "2464"]
[BlackElo "2308"]
[PlyCount "113"]
[EventDate "2013.07.13"]
[EventType "swiss"]
[EventRounds "9"]
[EventCountry "ESP"]
[SourceTitle "Ajedrez en Madrid"]
[Source "lmi"]
[SourceDate "2013.07.13"]
[SourceVersion "1"]
[SourceVersionDate "2019.06.21"]
[SourceQuality "1"]

1. e4 c5 2. Nc3 e6 3. Nge2 d6 4. g3 Nf6 5. Bg2 Be7 6. O-O O-O 7. h3 Nc6 8. d3
Rb8 9. f4 d5 10. e5 Nd7 11. g4 b5 12. Ng3 a5 13. Nce2 b4 14. g5 Ndxe5 15. fxe5
Bxg5 16. Bf4 Bxf4 17. Nxf4 Qg5 18. Qe1 Qxe5 19. Qxe5 Nxe5 20. Rae1 Ng6 21. Nxg6
hxg6 22. h4 Bb7 23. Ne2 Ba6 24. Rf2 a4 25. Nf4 Rfd8 26. b3 Bb5 27. Nh3 Rd6 28.
Ng5 Rb7 29. Ref1 Be8 30. bxa4 e5 31. a5 Ra7 32. Nf3 Rxa5 33. Nxe5 f6 34. Ng4
Rxa2 35. Ne3 Bf7 36. Bf3 Kh7 37. Kg2 d4 38. Nc4 Bxc4 39. dxc4 d3 40. cxd3 Rxf2+
41. Kxf2 Rxd3 42. Ra1 Rc3 43. Bd5 b3 44. Ra8 f5 45. Rc8 Rc2+ 46. Kf3 Rc3+ 47.
Kf4 Rc1 48. Rb8 Rb1 49. Ke5 b2 50. Kd6 g5 51. hxg5 Kg6 52. Kxc5 Kxg5 53. Kd6 f4
54. c5 f3 55. Bxf3 Rf1 56. Be4 Rd1+ 57. Ke5 1-0

[Event "15. Obert Int. Sant Marti 2013"]
[Site "Barcelona ESP"]
[Date "2013.07.19"]
[Round "7.12"]
[White "Sorm, Daniel"]
[Black "Arenas, David"]
[Result "0-1"]
[WhiteElo "2304"]
[BlackElo "2437"]
[PlyCount "82"]
[EventDate "2013.07.13"]
[EventType "swiss"]
[EventRounds "9"]
[EventCountry "ESP"]
[SourceTitle "Ajedrez en Madrid"]
[Source "lmi"]
[SourceDate "2013.07.13"]
[SourceVersion "1"]
[SourceVersionDate "2019.06.21"]
[SourceQuality "1"]

1. d4 Nf6 2. c4 g6 3. Nc3 Bg7 4. e4 d6 5. Be2 O-O 6. Bg5 c6 7. Qd2 a6 8. h4 b5
9. a3 h5 10. O-O-O Qc7 11. Bh6 a5 12. Bxg7 Kxg7 13. e5 dxe5 14. dxe5 Qxe5 15.
cxb5 cxb5 16. Bxb5 Na6 17. Nf3 Qc7 18. Bxa6 Rxa6 19. Kb1 Bg4 20. Nd5 Qc5 21.
Qe3 Rc8 22. Qxc5 Rxc5 23. Ne3 Ne4 24. Rhf1 Rf6 25. Rd4 Bxf3 26. gxf3 Nd6 27. f4
Nf5 28. Nxf5+ Rcxf5 29. Ra4 Rxf4 30. Rxa5 Rxh4 31. b4 Rhf4 32. Re5 Rf3 33. Kb2
h4 34. b5 h3 35. a4 h2 36. Ree1 g5 37. a5 R6f5 38. b6 Rxa5 39. Rb1 Rb5+ 40. Kc2
Rxf2+ 41. Rxf2 Rxb1 0-1

[Event "15. Obert Int. Sant Marti 2013"]
[Site "Barcelona ESP"]
[Date "2013.07.19"]
[Round "7.14"]
[White "Khaetsky, Roman"]
[Black "Ramirez Garcia, Jorge Alberto"]
[Result "1-0"]
[WhiteElo "2424"]
[BlackElo "2303"]
[PlyCount "177"]
[EventDate "2013.07.13"]
[EventType "swiss"]
[EventRounds "9"]
[EventCountry "ESP"]
[SourceTitle "Ajedrez en Madrid"]
[Source "lmi"]
[SourceDate "2013.07.13"]
[SourceVersion "1"]
[SourceVersionDate "2019.06.21"]
[SourceQuality "1"]

1. e4 e6 2. d4 d5 3. Nc3 Nf6 4. Bd3 c5 5. Nf3 Nc6 6. exd5 exd5 7. O-O cxd4 8.
Re1+ Be7 9. Nb5 Bg4 10. Be2 O-O 11. Nfxd4 Bxe2 12. Rxe2 Qd7 13. Bg5 h6 14. Bh4
Rfe8 15. Qd3 Ne4 16. Bxe7 Ne5 17. Qh3 Qxh3 18. gxh3 Rxe7 19. f3 Nf6 20. Rae1 a6
21. Rxe5 Rxe5 22. Rxe5 axb5 23. a3 b4 24. axb4 Ra4 25. c3 Ra1+ 26. Kf2 Rh1 27.
Kg2 Rb1 28. Re2 Nh5 29. Rd2 Nf4+ 30. Kg3 Nh5+ 31. Kf2 Nf4 32. Ne2 Nxh3+ 33. Kg2
Ng5 34. Nf4 d4 35. cxd4 Ne6 36. Ne2 Kf8 37. d5 Nd8 38. Nd4 Ke7 39. Re2+ Kd6 40.
Nb5+ Kd7 41. Rc2 Ke7 42. Rc7+ Kf8 43. Rc2 Rd1 44. Nc3 Rd4 45. b5 Ke7 46. Kf2 g6
47. Ke3 Rb4 48. Ne4 Kd7 49. Nc3 f5 50. Kd3 Nf7 51. Re2 Ng5 52. b3 Nxf3 53. Re6
Rxb3 54. Rf6 Rb4 55. Rf7+ Kc8 56. Ke3 Rc4 57. Kxf3 Rxc3+ 58. Kf4 Rd3 59. Ke5 b6
60. Kd6 h5 61. Rf6 f4 62. Rf8+ Kb7 63. Rxf4 Rc3 64. Rf7+ Kc8 65. Rg7 Rc5 66.
Rxg6 Rxb5 67. Rh6 Rc5 68. Rh8+ Kb7 69. Rxh5 Rc2 70. Kd7 Rg2 71. h4 Rg7+ 72. Ke6
Rg6+ 73. Ke7 b5 74. Rg5 Rh6 75. h5 b4 76. Rg4 Rh7+ 77. Kd6 Rh6+ 78. Kc5 Rxh5
79. Rg7+ Kb8 80. Kc6 Rh1 81. d6 Rc1+ 82. Kd7 Rh1 83. Rg4 Rh7+ 84. Kc6 b3 85.
Rg8+ Ka7 86. d7 Rh6+ 87. Kc5 Rh5+ 88. Kc4 b2 89. d8=Q 1-0

[Event "15. Obert Int. Sant Marti 2013"]
[Site "Barcelona ESP"]
[Date "2013.07.19"]
[Round "7.15"]
[White "Guerrero Sierra, Juan Carlos"]
[Black "Anurag, Mhamal"]
[Result "0-1"]
[WhiteElo "2227"]
[BlackElo "2418"]
[PlyCount "62"]
[EventDate "2013.07.13"]
[EventType "swiss"]
[EventRounds "9"]
[EventCountry "ESP"]
[SourceTitle "Ajedrez en Madrid"]
[Source "lmi"]
[SourceDate "2013.07.13"]
[SourceVersion "1"]
[SourceVersionDate "2019.06.21"]
[SourceQuality "1"]

1. e4 c5 2. Nf3 e6 3. d4 cxd4 4. Nxd4 a6 5. Bd3 Nf6 6. O-O Qc7 7. Qe2 h5 8. Kh1
Bc5 9. Nb3 Be7 10. N1d2 Nc6 11. f4 d6 12. a4 e5 13. Nc4 Bg4 14. Qe1 h4 15. Be3
exf4 16. Rxf4 h3 17. g3 Ne5 18. Bb6 Qc8 19. Nbd2 Be6 20. b3 Qc6 21. Bd4 Ng6 22.
Rf2 d5 23. Nb6 dxe4 24. Bxe4 Nxe4 25. Qxe4 Rd8 26. Qxc6+ bxc6 27. c3 c5 28.
Bxg7 Rh7 29. c4 Rxg7 30. Re1 Rh7 31. Nf1 Rh5 0-1

[Event "15. Obert Int. Sant Marti 2013"]
[Site "Barcelona ESP"]
[Date "2013.07.19"]
[Round "7.16"]
[White "Bellia, Fabrizio"]
[Black "Christiansen, Johan-Sebastian"]
[Result "1-0"]
[WhiteElo "2415"]
[BlackElo "2155"]
[PlyCount "77"]
[EventDate "2013.07.13"]
[EventType "swiss"]
[EventRounds "9"]
[EventCountry "ESP"]
[SourceTitle "Ajedrez en Madrid"]
[Source "lmi"]
[SourceDate "2013.07.13"]
[SourceVersion "1"]
[SourceVersionDate "2019.06.21"]
[SourceQuality "1"]

1. d4 d5 2. c4 dxc4 3. Nf3 Nf6 4. e3 b5 5. a4 b4 6. Bxc4 e6 7. O-O Be7 8. Nbd2
O-O 9. e4 Bb7 10. e5 Nd5 11. Nb3 a5 12. Bd2 Nd7 13. Qc2 c5 14. Bd3 g6 15. Bh6
Re8 16. dxc5 Qc7 17. Bb5 Bc6 18. Nbd4 Bxb5 19. Nxb5 Qxc5 20. Qe2 Rec8 21. Rfc1
Qb6 22. Nfd4 Bc5 23. Rc4 Qb8 24. Rac1 N5b6 25. Rxc5 Rxc5 26. Rxc5 Nxc5 27. Nc6
Qe8 28. Qf3 Nd5 29. Nd6 Qd7 30. h4 Qc7 31. g3 Nd3 32. Kf1 Ra6 33. Ne8 Qxc6 34.
Nf6+ Kh8 35. Nxd5 f5 36. exf6 Qxd5 37. Bg7+ Kg8 38. f7+ Kxg7 39. f8=Q# 1-0